书目信息 |
| 题名: |
高性能铜合金及其加工技术
|
|
| 作者: | 刘平, , 赵冬梅 , 田保红 著 | |
| 分册: | ||
| 出版信息: | 北京 冶金工业出版社 2005.05 |
|
| 页数: | 276页 | |
| 开本: | 21cm | |
| 丛书名: | ||
| 单 册: | ||
| 中图分类: | TG146.1 | |
| 科图分类: | ||
| 主题词: | 铜合金--tong he jin--基本知识 , 金属加工--jin shu jia gong--铜合金 | |
| 电子资源: | ||
| ISBN: | 7-5024-3729-0 | |
| 000 | 01310nam0 2200301 450 | |
| 001 | 012007764790 | |
| 005 | 20071107153030.59 | |
| 010 | @a7-5024-3729-0@dCNY29.00 | |
| 100 | @a20071107d2005 km y0chiy0120 ea | |
| 101 | 0 | @achi |
| 102 | @aCN@b110000 | |
| 105 | @aa a 000yy | |
| 106 | @ar | |
| 200 | 1 | @a高性能铜合金及其加工技术@Agao xing neng tong he jin ji qi jia gong ji shu@f刘平, 赵冬梅, 田保红著@Fliu ping,zhao dong mei,tian bao hong zhu |
| 210 | @a北京@c冶金工业出版社@d2005.05 | |
| 215 | @a276页@c图@d21cm | |
| 314 | @a刘平 (1962~),男,1984年毕业于华南理工大学金属材料专业,获学士学位,1989年于洛阳工学院获硕士学位,1999年于西安交通大学获工学博士学位。现为河南科技大学材料学学科带头人,教授,博士生导师。 | |
| 320 | @a有书目。 | |
| 330 | @a本书是一部有关铜合金基本知识的著作,内容包括:高性能铜合金概论、电气化铁路接触线用铜合金、弥散强化铜、纤维强化形变铜基原位复合材料等。 | |
| 333 | @a各个领域使用高性能铜合金的工程技术人员,从事高性能铜合金研究的研究人员、教师和研究生 | |
| 606 | 0 | @a铜合金@Atong he jin@x基本知识 |
| 606 | 0 | @a金属加工@Ajin shu jia gong@x铜合金 |
| 690 | @aTG146.1@v4 | |
| 701 | 0 | @a刘平,@Aliu ping@f1962- @4著 |
| 701 | 0 | @a赵冬梅@Azhao dong mei@4著 |
| 701 | 0 | @a田保红@Atian bao hong@4著 |
| 801 | 0 | @aCN@b@c20071107 |
| 905 | @b265661-62@dTG146.1@eL652@f2 | |
| 高性能铜合金及其加工技术/刘平, 赵冬梅, 田保红著.-北京:冶金工业出版社,2005.05 |
| 276页:图;21cm |
| 使用对象:各个领域使用高性能铜合金的工程技术人员,从事高性能铜合金研究的研究人员、教师和研究生 |
| ISBN 7-5024-3729-0:CNY29.00 |
| 本书是一部有关铜合金基本知识的著作,内容包括:高性能铜合金概论、电气化铁路接触线用铜合金、弥散强化铜、纤维强化形变铜基原位复合材料等。 |
| ● |
| 相关链接 |
|
|
|
正题名:高性能铜合金及其加工技术
索取号:TG146.1/L652
 
预约/预借
| 序号 | 登录号 | 条形码 | 馆藏地/架位号 | 状态 | 备注 |
| 1 | 265661 | 202656615 | 期刊室512/501自科库 25排1列1层/ [索取号:TG146.1/L652] | 在馆 | |
| 2 | 265662 | 202656624 | 自科库501/501自科库 25排1列1层/ [索取号:TG146.1/L652] | 在馆 |